000 01218nam a22002537a 4500
003 NALT
005 20251125233123.0
008 s2558 th tha d
020 _a9789744498014
040 _aNALT
041 _atha
050 _aJQ 1745.A55.P64N32
_bส238น 2558
100 0 _aสมชัย วงษ์สุวรรณ
_920786
245 1 0 _aนักการเมืองถิ่นจังหวัดนครสวรรค์ /
_cสมชัย วงษ์สุวรรณ.
260 _aกรุงเทพฯ :
_bสถาบันพระปกเกล้า,
_c2558.
300 _a228 หน้า :
_bภาพประกอบ, ตาราง ;
_c18 ซม.
650 4 _aการเลือกตั้ง
_920789
_zไทย
_zนครสวรรค์
650 4 _aสมาชิกสภาผู้แทนราษฎร
_920790
_zนครสวรรค์
_xวิจัย
650 4 _aนักการเมือง
_920791
_zนครสวรรค์
_xวิจัย
850 _aNALT
856 4 0 _uhttps://hdl.handle.net/20.500.14156/493828
942 _cRSH
_2lcc
999 _c74100
_d74100
998 _j104
_k นางสาวสายฝน ดีงาม